000
00347nam a2200145Ia 4500
008
090122s9999 xx 000 0 und d
082
_b
4832
_a
891.463
100
_a
नाईक
_b
गुरुनाथ
245
_a
धडक
600
_a
नाईक
630
_a
धडक
700
_a
नाईक
730
_a
धडक
942
_c
BOOK
999
_c
28910
_d
28910